[Event "IND-chT (Women) 21st"]
[Site "Dharamshala"]
[Date "2024.04.01"]
[Round "4.2"]
[White "Swati, Ghate"]
[Black "Arora, Ananya"]
[Result "1-0"]
[WhiteElo "2012"]
[BlackElo "1456"]
[PlyCount "61"]
[EventDate "2024.03.29"]
[EventType "team-swiss"]
[EventRounds "7"]
[EventCountry "IND"]
[SourceTitle "CB15_2024"]
[SourceDate "2024.04.10"]
[SourceVersion "1"]
[SourceVersionDate "2024.04.10"]
[SourceQuality "1"]
[WhiteTeam "LIC of India (W)"]
[BlackTeam "Punjab (W)"]
[WhiteTeamCountry "IND"]
[BlackTeamCountry "IND"]

1. e4 c5 2. Nf3 Nc6 3. d4 cxd4 4. Nxd4 g6 5. Nc3 Bg7 6. Nde2 Nf6 7. g3 d6 8. Bg2 Bd7 9. 0-0 0-0 10. h3 Qc8 11. Kh2 Ne5 12. Bf4 Nh5 13. Nd5 Re8 14. Bg5 f6 15. Bd2 Bh8 16. Bc3 Ng7 17. f4 Nc4 18. Qd3 Kf7 19. Rae1 Nb6 20. e5 dxe5 21. fxe5 f5 22. Nd4 Nxd5 23. Bxd5+ e6 24. Bb3 a6 25. Qd2 Kg8 26. Qh6 Rf8 27. Nf3 Rd8 28. Ng5 Kf8 29. Qxh7 Ke7 30. Bb4+ Ke8 31. Qxh8# 1-0

[Event "Bangalore op 1st"]
[Site "Bangalore"]
[Date "2024.01.18"]
[Round "1"]
[White "Ritviz, Parab"]
[Black "Swati, Ghate"]
[Result "1-0"]
[WhiteElo "2391"]
[BlackElo "2034"]
[PlyCount "59"]
[EventDate "2024.01.18"]
[EventType "swiss"]
[EventRounds "10"]
[EventCountry "IND"]
[SourceTitle "CB05_2024"]
[SourceDate "2024.01.31"]
[SourceVersion "1"]
[SourceVersionDate "2024.01.31"]
[SourceQuality "1"]

1. e4 e5 2. Nf3 Nc6 3. Bc4 Bc5 4. 0-0 d6 5. c3 Nf6 6. d3 a6 7. Bb3 h6 8. Re1 0-0 9. Nbd2 Ba7 10. Nf1 Ne7 11. d4 Ng6 12. h3 Re8 13. Ng3 Be6 14. Be3 Bxb3 15. Qxb3 Qc8 16. Rad1 b5 17. c4 exd4 18. Bxd4 Ne5 19. c5 Nxf3+ 20. Qxf3 Re6 21. Nf5 Ne8 22. b4 dxc5 23. bxc5 Kf8 24. Qc3 f6 25. e5 c6 26. Qf3 Bb8 27. exf6 Nxf6 28. Nxh6 Ra7 29. Rxe6 Qxe6 30. Bxf6 1-0

[Event "Hoogeveen op 26th"]
[Site "Hoogeveen"]
[Date "2023.10.25"]
[Round "5"]
[White "Swati, Ghate"]
[Black "Van Dael, Siem"]
[Result "0-1"]
[WhiteElo "1995"]
[BlackElo "2321"]
[PlyCount "106"]
[EventDate "2023.10.21"]
[EventType "swiss"]
[EventRounds "9"]
[EventCountry "NED"]
[SourceTitle "Mega2024 Update 01"]
[Source "Chessbase"]
[SourceDate "2023.11.12"]
[SourceVersion "1"]
[SourceVersionDate "2023.11.12"]
[SourceQuality "1"]

1. e4 c5 2. c3 Nf6 3. e5 Nd5 4. d4 cxd4 5. cxd4 e6 6. Nf3 Nc6 7. Bc4 Nb6 8. Bb3 d6 9. Qe2 Be7 10. 0-0 d5 11. Nc3 a6 12. Bc2 Bd7 13. Bf4 Rc8 14. Rad1 Nc4 15. Bc1 b5 16. g3 N6a5 17. Bd3 Qb6 18. h4 h6 19. h5 Bb4 20. Nb1 Qa7 21. b3 Nb6 22. Nh4 Bf8 23. Be3 Nc6 24. Nd2 Nb4 25. Bb1 a5 26. Rc1 Qb7 27. f4 Rxc1 28. Rxc1 Nc8 29. f5 Ne7 30. Qf3 exf5 31. Nxf5 Nxf5 32. Bxf5 Be7 33. a3 Nc6 34. e6 fxe6 35. Bg6+ Kd8 36. Qf7 Bf6 37. Rf1 Kc7 38. Rxf6 gxf6 39. Qxf6 Qc8 40. Nf3 Rf8 41. Bf7 Be8 42. Ne5 Bxf7 43. Bxh6 Nxe5 44. dxe5 Kd7 45. Bxf8 Qxf8 46. Qf2 Ke8 47. Qb6 Qxa3 48. Qb8+ Ke7 49. h6 Qc1+ 50. Kg2 Be8 51. h7 Qc2+ 52. Kg1 Qb1+ 53. Kf2 Qxh7 0-1

[Event "IND-ch (Women) 49th"]
[Site "Ahmedabad"]
[Date "2023.07.10"]
[Round "11"]
[White "Bhat, Sannidhi Ramakrishn"]
[Black "Swati, Ghate"]
[Result "0-1"]
[WhiteElo "1641"]
[BlackElo "2034"]
[PlyCount "74"]
[EventDate "2023.06.30"]
[EventType "swiss"]
[EventRounds "11"]
[EventCountry "IND"]
[SourceTitle "CBM 215 Extra"]
[Source "ChessBase"]
[SourceDate "2023.09.30"]
[SourceVersion "1"]
[SourceVersionDate "2023.09.30"]
[SourceQuality "1"]

1. d4 Nf6 2. Nf3 e6 3. Bf4 c5 4. e3 Nc6 5. c3 d5 6. Nbd2 cxd4 7. exd4 Nh5 8. Bg5 f6 9. Bh4 g6 10. Be2 Nf4 11. 0-0 Bh6 12. Re1 Nxe2+ 13. Rxe2 0-0 14. Nb3 b6 15. Qe1 Qd7 16. Nfd2 Ne7 17. f3 Nf5 18. Bf2 Ba6 19. Rxe6 Rae8 20. Rxe8 Rxe8 21. Qb1 Re2 22. Nf1 Qe6 23. Bg3 Be3+ 24. Kh1 Bf2 25. Bxf2 Rxf2 26. Ng3 Ne3 27. Qg1 Rxg2 28. Qxg2 Nxg2 29. Kxg2 h5 30. h4 Qe3 31. Rc1 Kf7 32. Rc2 Qf4 33. Nc1 Qxh4 34. Nce2 Qg5 35. Kh2 Bd3 36. f4 Qh4+ 37. Kg2 Bxc2 0-1

[Event "IND-ch (Women) 49th"]
[Site "Ahmedabad"]
[Date "2023.07.09"]
[Round "10"]
[White "Swati, Ghate"]
[Black "Arpita, Mukherjee"]
[Result "0-1"]
[WhiteElo "2034"]
[BlackElo "2079"]
[PlyCount "108"]
[EventDate "2023.06.30"]
[EventType "swiss"]
[EventRounds "11"]
[EventCountry "IND"]
[SourceTitle "CBM 215 Extra"]
[Source "ChessBase"]
[SourceDate "2023.09.30"]
[SourceVersion "1"]
[SourceVersionDate "2023.09.30"]
[SourceQuality "1"]

1. e4 c5 2. Nf3 d6 3. d4 cxd4 4. Nxd4 Nf6 5. Nc3 a6 6. Bd3 Nc6 7. Nxc6 bxc6 8. 0-0 e5 9. Qe2 Be7 10. Na4 0-0 11. c4 d5 12. c5 Bg4 13. Qc2 Rb8 14. Bg5 dxe4 15. Bxe4 Nxe4 16. Bxe7 Qxe7 17. Qxe4 Qe6 18. Rfe1 Rfe8 19. Nb6 Rbd8 20. b3 Bf5 21. Qe3 Bd3 22. Rac1 f5 23. Nc4 Bxc4 24. Rxc4 Rd5 25. h3 e4 26. Qf4 Qe7 27. Ra4 Qb7 28. Rc1 h6 29. h4 Qb5 30. Rac4 Qb7 31. R1c3 Qe7 32. h5 Qf7 33. Rh3 Red8 34. Ra4 Rxc5 35. Rxa6 Kh7 36. g4 Rf8 37. g5 hxg5 38. Qxg5 Qf6 39. Qxf6 Rxf6 40. Ra7 f4 41. h6 Rxh6 42. Rxh6+ Kxh6 43. Re7 Rc1+ 44. Kh2 Re1 45. a4 g5 46. a5 Kg6 47. Re6+ Kf5 48. Rxc6 Ra1 49. Rc5+ Kg4 50. Kg2 Ra2 51. b4 e3 52. a6 f3+ 53. Kg1 Ra1+ 54. Kh2 exf2 0-1

[Event "IND-ch (Women) 49th"]
[Site "Ahmedabad"]
[Date "2023.07.05"]
[Round "6"]
[White "Swati, Ghate"]
[Black "Divyabharathi, Masanam"]
[Result "1-0"]
[WhiteElo "2034"]
[BlackElo "1585"]
[PlyCount "73"]
[EventDate "2023.06.30"]
[EventType "swiss"]
[EventRounds "11"]
[EventCountry "IND"]
[SourceTitle "CBM 215 Extra"]
[Source "ChessBase"]
[SourceDate "2023.09.30"]
[SourceVersion "1"]
[SourceVersionDate "2023.09.30"]
[SourceQuality "1"]

1. e4 e5 2. Nf3 Nc6 3. Bc4 Bc5 4. c3 Nf6 5. d4 exd4 6. e5 Ne4 7. Bd5 Nxf2 8. Kxf2 dxc3+ 9. Kg3 cxb2 10. Bxb2 0-0 11. Nc3 Ne7 12. h3 c6 13. Bb3 d5 14. Kh2 Bb6 15. Re1 Ng6 16. Bc2 Re8 17. Kh1 Bd7 18. Na4 Bc7 19. Qd4 Be6 20. Nc5 Bb6 21. Rad1 Qe7 22. Ba3 Qc7 23. Nxe6 Rxe6 24. Qg4 h6 25. Bd6 Qd8 26. Bf5 Re8 27. Bd7 h5 28. Qf5 Ne7 29. Qxh5 Qxd7 30. e6 Qxd6 31. exf7+ Kf8 32. Ng5 Ng6 33. fxe8Q+ Rxe8 34. Nh7+ Kf7 35. Qf5+ Kg8 36. Rxe8+ Kxh7 37. Qh5# 1-0

[Event "IND-ch (Women) 48th"]
[Site "Hatkanangale"]
[Date "2022.12.31"]
[Round "6"]
[White "Pandey, Srishti"]
[Black "Swati, Ghate"]
[Result "0-1"]
[WhiteElo "2198"]
[BlackElo "2089"]
[PlyCount "108"]
[EventDate "2022.12.26"]
[EventType "swiss"]
[EventRounds "11"]
[EventCountry "IND"]
[SourceTitle "CBM 212 Extra"]
[Source "ChessBase"]
[SourceDate "2023.03.31"]
[SourceVersion "1"]
[SourceVersionDate "2023.03.31"]
[SourceQuality "1"]

1. d4 Nf6 2. c4 e6 3. Nf3 Bb4+ 4. Nbd2 0-0 5. a3 Be7 6. e4 d6 7. Qc2 Nfd7 8. b4 e5 9. Bb2 Bf6 10. d5 c6 11. Nb1 cxd5 12. cxd5 a5 13. Nc3 Na6 14. Bxa6 Rxa6 15. 0-0 Nb6 16. Qd3 Bd7 17. Rfc1 Qe8 18. b5 Ra8 19. a4 Be7 20. Nd2 f5 21. exf5 Bxf5 22. Qe3 Bd8 23. Nce4 Qg6 24. Ba3 Nxd5 25. Qb3 Be6 26. Qg3 Qh5 27. Bxd6 Rf4 28. Qa3 Qg6 29. Re1 Nb4 30. Bxe5 Nc2 31. Qd6 Nxe1 32. Rxe1 Rf7 33. Nc5 Ba2 34. Qxg6 hxg6 35. Nf3 Bd5 36. Nd2 Bb6 37. Bd4 Rd8 38. Be3 Rc8 39. Ncb3 Bxe3 40. fxe3 Rc2 41. Rc1 Rfc7 42. Rd1 Ra2 43. e4 Bxb3 44. Nxb3 b6 45. e5 Rcc2 46. e6 Rxg2+ 47. Kf1 Rxh2 48. Rd8+ Kh7 49. Rd2 Rhxd2 50. Nxd2 Kg8 51. Nc4 Rxa4 52. Nxb6 Rb4 53. Nd7 Rxb5 54. e7 Kf7 0-1

[Event "IND-ch (Women) 48th"]
[Site "Hatkanangale"]
[Date "2022.12.29"]
[Round "4"]
[White "Swati, Ghate"]
[Black "Kheerthi, Ganta"]
[Result "1/2-1/2"]
[WhiteElo "2089"]
[BlackElo "1675"]
[PlyCount "68"]
[EventDate "2022.12.26"]
[EventType "swiss"]
[EventRounds "11"]
[EventCountry "IND"]
[SourceTitle "CBM 212 Extra"]
[Source "ChessBase"]
[SourceDate "2023.03.31"]
[SourceVersion "1"]
[SourceVersionDate "2023.03.31"]
[SourceQuality "1"]

1. e4 c6 2. Nc3 d5 3. Nf3 dxe4 4. Nxe4 Nf6 5. Qe2 Nxe4 6. Qxe4 Nd7 7. Bc4 Nf6 8. Ne5 e6 9. Qe2 b5 10. Bb3 Qc7 11. d4 Bd6 12. 0-0 0-0 13. Re1 a5 14. c3 Ba6 15. Bc2 b4 16. c4 c5 17. dxc5 Bxe5 18. Qxe5 Qxe5 19. Rxe5 Bxc4 20. Be3 Ng4 21. Re4 Nxe3 22. fxe3 Bd5 23. Rh4 g6 24. Bb3 Bc6 25. Rd1 Rfc8 26. Rc1 Bb5 27. Bd1 Ra6 28. Bf3 Bc6 29. Kf2 Bxf3 30. Kxf3 Rac6 31. Rhc4 Rd8 32. Ke2 f5 33. Rd4 Rdc8 34. Rdc4 Rd8 1/2-1/2

[Event "IND-ch (Women) 48th"]
[Site "Hatkanangale"]
[Date "2022.12.28"]
[Round "3"]
[White "Chitlange, Sakshi"]
[Black "Swati, Ghate"]
[Result "1-0"]
[WhiteElo "2213"]
[BlackElo "2089"]
[PlyCount "126"]
[EventDate "2022.12.26"]
[EventType "swiss"]
[EventRounds "11"]
[EventCountry "IND"]
[SourceTitle "CBM 212 Extra"]
[Source "ChessBase"]
[SourceDate "2023.03.31"]
[SourceVersion "1"]
[SourceVersionDate "2023.03.31"]
[SourceQuality "1"]

1. d4 Nf6 2. c4 e6 3. Nf3 c5 4. d5 exd5 5. cxd5 d6 6. Nc3 g6 7. Bf4 a6 8. a4 Bg7 9. h3 0-0 10. e3 Qe7 11. Be2 Nbd7 12. 0-0 Rb8 13. Rc1 Ne8 14. Qd2 h6 15. e4 g5 16. Bh2 Ne5 17. Nxe5 dxe5 18. Qe3 b6 19. a5 bxa5 20. Na4 Nd6 21. Nxc5 Rxb2 22. Rb1 Rb5 23. Rfc1 Rd8 24. Qc3 Rxb1 25. Rxb1 Qc7 26. Ra1 Bd7 27. Qxa5 Qxa5 28. Rxa5 Bb5 29. Bxb5 axb5 30. Ra6 Nc4 31. Nd3 Rc8 32. f3 f6 33. Kf2 Rc7 34. Ke2 Kf7 35. Nb4 Bf8 36. Nc6 Rd7 37. Ra8 Bd6 38. Kd3 Nb2+ 39. Kc2 Nc4 40. Bg1 h5 41. Kd3 Kg6 42. Ra7 Rf7 43. Bf2 g4 44. fxg4 hxg4 45. Rxf7 Kxf7 46. hxg4 Nb2+ 47. Kc2 Nc4 48. Kc3 Bf8 49. Kd3 Nb2+ 50. Kc2 Nc4 51. Kc3 Nd6 52. Kd3 Nc4 53. Na7 Na3 54. Be1 Bc5 55. Nxb5 Nxb5 56. Kc4 Nd6+ 57. Kxc5 Nxe4+ 58. Kc6 Kg6 59. d6 Nxd6 60. Kxd6 Kg5 61. Ke6 e4 62. Kd5 Kf4 63. Kd4 e3 1-0

[Event "IND-ch (Women) 48th"]
[Site "Hatkanangale"]
[Date "2022.12.26"]
[Round "1"]
[White "Elakshi, Srivastava"]
[Black "Swati, Ghate"]
[Result "0-1"]
[WhiteElo "1387"]
[BlackElo "2089"]
[PlyCount "42"]
[EventDate "2022.12.26"]
[EventType "swiss"]
[EventRounds "11"]
[EventCountry "IND"]
[SourceTitle "CBM 212 Extra"]
[Source "ChessBase"]
[SourceDate "2023.03.31"]
[SourceVersion "1"]
[SourceVersionDate "2023.03.31"]
[SourceQuality "1"]

1. Nf3 d5 2. b3 Bf5 3. Bb2 e6 4. e3 Nf6 5. a3 c5 6. d4 cxd4 7. exd4 Bd6 8. Bd3 Bg4 9. Nbd2 Nc6 10. 0-0 0-0 11. h3 Bh5 12. Qb1 Bf4 13. Qe1 Rc8 14. Ne5 Nxe5 15. dxe5 Nd7 16. g4 Bxg4 17. Ne4 Bxh3 18. Qe2 dxe4 19. Qxe4 Qg5+ 20. Kh1 Qh6 21. Kg1 Nc5 0-1

[Event "Asian Continental op (Women) 19th"]
[Site "Delhi"]
[Date "2022.11.02"]
[Round "8"]
[White "Swati, Ghate"]
[Black "Zairbek Kyzy, Begimay"]
[Result "1-0"]
[WhiteElo "2086"]
[BlackElo "1930"]
[PlyCount "39"]
[EventDate "2022.10.26"]
[EventType "swiss"]
[EventRounds "9"]
[EventCountry "IND"]
[SourceTitle "EXT 2024"]
[Source "ChessBase"]
[SourceDate "2023.10.10"]
[SourceVersion "1"]
[SourceVersionDate "2023.10.10"]
[SourceQuality "1"]

1. e4 c6 2. d4 d5 3. e5 Bf5 4. Nd2 e6 5. Nb3 Nd7 6. Nf3 Ne7 7. Be2 c5 8. Nxc5 Nxc5 9. dxc5 Nc6 10. Be3 Qc7 11. c3 Be7 12. Nd4 Qxe5 13. Bb5 Kd7 14. 0-0 a6 15. Ba4 h5 16. Re1 Qf6 17. c4 Rhc8 18. cxd5 exd5 19. Qb3 Ra7 20. Qxd5+ 1-0

[Event "Asian Continental op (Women) 19th"]
[Site "Delhi"]
[Date "2022.11.01"]
[Round "7"]
[White "Bhakti, Kulkarni"]
[Black "Swati, Ghate"]
[Result "1/2-1/2"]
[WhiteElo "2376"]
[BlackElo "2086"]
[PlyCount "126"]
[EventDate "2022.10.26"]
[EventType "swiss"]
[EventRounds "9"]
[EventCountry "IND"]
[SourceTitle "EXT 2024"]
[Source "ChessBase"]
[SourceDate "2023.10.10"]
[SourceVersion "1"]
[SourceVersionDate "2023.10.10"]
[SourceQuality "1"]

1. d4 Nf6 2. Nf3 e6 3. Bf4 c5 4. c3 d5 5. e3 Bd6 6. Bg3 0-0 7. Nbd2 Qc7 8. Bd3 Nbd7 9. Bxd6 Qxd6 10. 0-0 e5 11. dxe5 Nxe5 12. Nxe5 Qxe5 13. Nf3 Qe7 14. Qa4 Bd7 15. Qh4 Rfe8 16. Rad1 h6 17. Bb1 Bc6 18. Ne1 Rad8 19. Nd3 Qf8 20. b4 b6 21. bxc5 bxc5 22. Qf4 Ne4 23. Rc1 Rd6 24. Qh4 Rf6 25. Nf4 Nd2 26. Rfd1 Nxb1 27. Rxb1 Re4 28. Qg3 d4 29. cxd4 cxd4 30. f3 Rxe3 31. Rxd4 Qc5 32. Rbd1 Rd6 33. Nh5 Rg6 34. Qf2 Bxf3 35. Nf4 Bxd1 36. Qxe3 Rd6 37. Re4 Qxe3+ 38. Rxe3 Ba4 39. Ra3 Rd4 40. Ne2 Rc4 41. Kf2 Bb5 42. Ke3 a6 43. Nd4 Rc5 44. Nxb5 axb5 45. Ra8+ Kh7 46. a4 Rc3+ 47. Kf2 bxa4 48. Rxa4 g5 49. h3 Kg6 50. Ra6+ f6 51. Ra5 h5 52. Ra4 Rc5 53. Ra6 g4 54. hxg4 hxg4 55. Ra8 Kf5 56. g3 Rc2+ 57. Kg1 Rd2 58. Ra4 Kg5 59. Ra5+ f5 60. Ra6 Rd4 61. Kg2 Kh5 62. Rf6 Kg5 63. Ra6 Rd2+ 1/2-1/2

[Event "Asian Continental op (Women) 19th"]
[Site "Delhi"]
[Date "2022.10.31"]
[Round "6"]
[White "Swati, Ghate"]
[Black "Munkhzul, Davaakhuu"]
[Result "0-1"]
[WhiteElo "2086"]
[BlackElo "2218"]
[PlyCount "94"]
[EventDate "2022.10.26"]
[EventType "swiss"]
[EventRounds "9"]
[EventCountry "IND"]
[SourceTitle "EXT 2024"]
[Source "ChessBase"]
[SourceDate "2023.10.10"]
[SourceVersion "1"]
[SourceVersionDate "2023.10.10"]
[SourceQuality "1"]

1. e4 e5 2. Nf3 Nc6 3. Bc4 Bc5 4. c3 Nf6 5. d3 a6 6. a4 d6 7. 0-0 0-0 8. Bg5 Ba7 9. Nbd2 Bg4 10. Re1 h6 11. Bh4 g5 12. Bg3 Ne7 13. d4 Ng6 14. Nf1 exd4 15. cxd4 Bxf3 16. gxf3 d5 17. Bb3 h5 18. Qc1 Ne8 19. Bxd5 c6 20. Bb3 Bxd4 21. h3 h4 22. Bh2 Qf6 23. Qc4 Bxb2 24. Rad1 Be5 25. Ne3 Bxh2+ 26. Kxh2 Ne5 27. Qe2 Nxf3+ 28. Kg2 Nxe1+ 29. Rxe1 Ng7 30. Ng4 Qg6 31. e5 Ne6 32. Qe3 Rad8 33. Bc4 b5 34. Bf1 Rd4 35. Rc1 Kg7 36. Nf6 Rc8 37. axb5 axb5 38. Bxb5 Qf5 39. Bf1 c5 40. Rc4 Nf4+ 41. Kh2 Rxc4 42. Bxc4 Ng6 43. Ng4 Qf4+ 44. Qxf4 Nxf4 45. Ne3 Re8 46. Nf5+ Kf8 47. Nd6 Re7 0-1

[Event "Asian Continental op (Women) 19th"]
[Site "Delhi"]
[Date "2022.10.28"]
[Round "3"]
[White "Swati, Ghate"]
[Black "Nandhidhaa, PV."]
[Result "0-1"]
[WhiteElo "2086"]
[BlackElo "2309"]
[PlyCount "60"]
[EventDate "2022.10.26"]
[EventType "swiss"]
[EventRounds "9"]
[EventCountry "IND"]
[SourceTitle "EXT 2024"]
[Source "ChessBase"]
[SourceDate "2023.10.10"]
[SourceVersion "1"]
[SourceVersionDate "2023.10.10"]
[SourceQuality "1"]

1. e4 c5 2. Nf3 Nc6 3. Bb5 g6 4. Bxc6 dxc6 5. h3 Bg7 6. d3 Nf6 7. Nc3 Nd7 8. Be3 b6 9. Qd2 h6 10. 0-0 e5 11. a3 Nf8 12. b4 Ne6 13. Nh2 f5 14. exf5 gxf5 15. Qe1 0-0 16. Kh1 f4 17. Bd2 Nd4 18. Rc1 f3 19. Rg1 Qh4 20. bxc5 fxg2+ 21. Rxg2 Nf3 22. Qe4 Qh5 23. Rg3 Nxh2 24. Qg2 Nf3 25. Rxg7+ Kh8 26. Ne4 Bxh3 27. Qg6 Bg2+ 28. Kxg2 Nh4+ 29. Kg1 Nxg6 30. Ng3 Qf3 0-1

[Event "Asian Continental op (Women) 19th"]
[Site "Delhi"]
[Date "2022.10.27"]
[Round "2"]
[White "Kairbekova, Amina"]
[Black "Swati, Ghate"]
[Result "1/2-1/2"]
[WhiteElo "2231"]
[BlackElo "2086"]
[PlyCount "67"]
[EventDate "2022.10.26"]
[EventType "swiss"]
[EventRounds "9"]
[EventCountry "IND"]
[SourceTitle "EXT 2024"]
[Source "ChessBase"]
[SourceDate "2023.10.10"]
[SourceVersion "1"]
[SourceVersionDate "2023.10.10"]
[SourceQuality "1"]

1. e4 c5 2. Nf3 e6 3. d4 cxd4 4. Nxd4 a6 5. Nc3 b5 6. Bd3 Qb6 7. Nf3 Qc7 8. 0-0 Bb7 9. Re1 Be7 10. e5 f5 11. Nd4 g6 12. a4 b4 13. Na2 Nc6 14. Nxc6 Qxc6 15. Bf1 Bc5 16. Be3 Ne7 17. c3 Bxe3 18. Rxe3 Nd5 19. Rd3 bxc3 20. Nxc3 Nf4 21. Rf3 g5 22. Rc1 Rc8 23. Rxf4 gxf4 24. Qh5+ Kf8 25. Qh6+ Kf7 26. Qf6+ Kg8 27. Rd1 h6 28. Rd6 Qc7 29. Qg6+ Kf8 30. Ne2 f3 31. Qf6+ Kg8 32. Qg6+ Kf8 33. Qf6+ Kg8 34. Qg6+ 1/2-1/2

[Event "Madurai Athens of the East op 2nd"]
[Site "Madurai"]
[Date "2022.06.30"]
[Round "4"]
[White "Swati, Ghate"]
[Black "Shreyas, Seshadri Nallore"]
[Result "0-1"]
[WhiteElo "2089"]
[BlackElo "1653"]
[PlyCount "93"]
[EventDate "2022.06.28"]
[EventType "swiss"]
[EventRounds "10"]
[EventCountry "IND"]
[SourceTitle "EXT 2023"]
[Source "ChessBase"]
[SourceDate "2022.10.05"]
[SourceVersion "1"]
[SourceVersionDate "2022.10.05"]
[SourceQuality "1"]

1. e4 e5 2. Nf3 Nc6 3. Bb5 Nf6 4. d3 Bc5 5. c3 d6 6. 0-0 0-0 7. Be3 Bxe3 8. fxe3 Bg4 9. Nbd2 Ne7 10. Qe1 c6 11. Ba4 Ng6 12. h3 Be6 13. d4 d5 14. exd5 Nxd5 15. c4 Nde7 16. Bc2 exd4 17. Nxd4 Qb6 18. b4 a5 19. bxa5 Qxa5 20. Qe2 Rad8 21. Ne4 Qe5 22. Rab1 Bc8 23. Nf3 Qh5 24. c5 Nd5 25. Rb3 Nf6 26. Nxf6+ gxf6 27. Rc3 Rfe8 28. Qf2 Rd5 29. Nd4 Qe5 30. Qxf6 Qxf6 31. Rxf6 Kg7 32. Rf1 Rde5 33. Bf5 Be6 34. Bxe6 fxe6 35. Rb1 Re7 36. Rcb3 Rxc5 37. Rxb7 Kf6 38. Rf1+ Ke5 39. Nf3+ Kd6 40. Rb3 Ra7 41. Rf2 Rca5 42. Rd3+ Rd5 43. Rc3 c5 44. e4 Rd1+ 45. Kh2 Nf4 46. e5+ Kd5 47. Kg3 0-1

[Event "IND-ch (Women) 47th"]
[Site "Bhubaneswar"]
[Date "2022.02.28"]
[Round "7"]
[White "Gomes, Mary Ann"]
[Black "Swati, Ghate"]
[Result "1-0"]
[WhiteElo "2361"]
[BlackElo "2136"]
[PlyCount "99"]
[EventDate "2022.02.25"]
[EventType "swiss"]
[EventRounds "9"]
[EventCountry "IND"]
[SourceTitle "CBM 207 Extra"]
[Source "ChessBase"]
[SourceDate "2022.05.31"]
[SourceVersion "1"]
[SourceVersionDate "2022.05.31"]
[SourceQuality "1"]

1. Nf3 d5 2. g3 Nd7 3. d4 Nb6 4. Bg2 Nf6 5. 0-0 Bf5 6. Nbd2 h6 7. c4 e6 8. Ne5 c6 9. Qb3 Qc8 10. a4 Be7 11. a5 Nbd7 12. Ndf3 0-0 13. Bf4 Be4 14. a6 bxa6 15. Qa4 dxc4 16. Qxc4 c5 17. Nxd7 Nxd7 18. Qxa6 Qxa6 19. Rxa6 cxd4 20. Nxd4 Bxg2 21. Kxg2 Bf6 22. Nc6 Bxb2 23. Bd6 Rfe8 24. Rb1 Bf6 25. Rb7 Nb6 26. e4 Nc4 27. e5 Bd8 28. Ra4 Nxd6 29. exd6 Rf8 30. Raxa7 Rc8 31. Ra6 f5 32. Raa7 Bf6 33. Ne7+ Kh7 34. Nxc8 Rxc8 35. Ra6 e5 36. Rc7 Rd8 37. h4 Kg6 38. d7 Kf7 39. h5 Ke7 40. Raa7 Kd6 41. Rc1 Ke6 42. Rd1 Be7 43. Ra6+ Kf7 44. Rc6 Bf6 45. Rc8 Ke7 46. Rxd8 Kxd8 47. g4 fxg4 48. Kg3 Be7 49. Kxg4 Bc5 50. Kf5 1-0

[Event "Asian Online (Women)"]
[Site "Tornelo INT"]
[Date "2021.08.25"]
[Round "7"]
[White "Swati, Ghate"]
[Black "Mahdian, Anousha"]
[Result "1-0"]
[WhiteElo "2145"]
[BlackElo "2212"]
[PlyCount "61"]
[EventDate "2021.08.23"]
[EventType "swiss (rapid)"]
[EventRounds "9"]
[EventCountry "NET"]
[SourceTitle "CBM 204 Extra"]
[Source "ChessBase"]
[SourceDate "2021.11.30"]
[SourceVersion "1"]
[SourceVersionDate "2021.11.30"]
[SourceQuality "1"]

1. e4 c6 2. d4 d5 3. e5 Bf5 4. Nd2 e6 5. Nb3 a6 6. Nf3 c5 7. c3 c4 8. Nbd2 b5 9. Be2 g5 10. Nf1 g4 11. Ng1 h5 12. Ne3 Be4 13. h3 Qh4 14. g3 Qd8 15. Rh2 gxh3 16. Bxh5 Nc6 17. Nxh3 Bh6 18. Bf3 Bxe3 19. Bxe3 Bf5 20. Bh5 Qd7 21. Ng5 Nh6 22. Qf3 0-0-0 23. Rh4 b4 24. Bd2 bxc3 25. bxc3 Rdf8 26. Qd1 f6 27. exf6 e5 28. Be3 e4 29. f7 Be6 30. Nxe6 Qxe6 31. Bxh6 1-0

[Event "Asian Online (Women)"]
[Site "Tornelo INT"]
[Date "2021.08.23"]
[Round "3"]
[White "Swati, Ghate"]
[Black "Singgih, Diajeng Theresa"]
[Result "0-1"]
[WhiteElo "2145"]
[BlackElo "1972"]
[PlyCount "72"]
[EventDate "2021.08.23"]
[EventType "swiss (rapid)"]
[EventRounds "9"]
[EventCountry "NET"]
[SourceTitle "CBM 204 Extra"]
[Source "ChessBase"]
[SourceDate "2021.11.30"]
[SourceVersion "1"]
[SourceVersionDate "2021.11.30"]
[SourceQuality "1"]

1. e4 e5 2. Nf3 Nc6 3. Bc4 Bc5 4. c3 d6 5. a4 a6 6. d4 exd4 7. cxd4 Bb4+ 8. Nc3 Nf6 9. 0-0 0-0 10. Na2 d5 11. exd5 Nxd5 12. Ne5 Ba5 13. Nxc6 bxc6 14. Qf3 Be6 15. Bd3 Nf6 16. Be3 c5 17. Bg5 Qxd4 18. Nc3 Bg4 19. Qg3 Nh5 20. Qe3 Rfe8 21. Ne4 f5 22. Qxd4 cxd4 23. Nc5 Be2 24. Bxe2 Rxe2 25. Nb3 Bb6 26. Bd2 c5 27. Rac1 Nf6 28. a5 Ba7 29. Rfd1 Rb8 30. Nxc5 Bxc5 31. Rxc5 Ne4 32. Bf4 Rbxb2 33. Rxf5 Rxf2 34. g4 Rg2+ 35. Kh1 Rxg4 36. Bg3 Rxg3 0-1

[Event "Udaipur Lakecity blitz op 1st"]
[Site "Udaipur"]
[Date "2019.09.16"]
[Round "9"]
[White "Nayak, Rajesh"]
[Black "Swati, Ghate"]
[Result "1-0"]
[WhiteElo "2019"]
[BlackElo "2179"]
[PlyCount "72"]
[EventDate "2019.09.16"]
[EventType "swiss (blitz)"]
[EventRounds "9"]
[EventCountry "IND"]
[SourceTitle "EXT 2020"]
[Source "ChessBase"]
[SourceDate "2019.10.17"]
[SourceVersion "1"]
[SourceVersionDate "2019.10.17"]
[SourceQuality "1"]

1. e4 c5 2. Nf3 e6 3. d4 cxd4 4. Nxd4 Nc6 5. Nc3 Qc7 6. Be2 Nf6 7. 0-0 Be7 8. Be3 0-0 9. f4 d6 10. Kh1 Bd7 11. Qe1 Nxd4 12. Bxd4 Bc6 13. Qg3 Rae8 14. Rae1 Bd8 15. Bd3 e5 16. fxe5 dxe5 17. Bc5 Be7 18. Bxe7 Qxe7 19. Qh4 Nd7 20. Qh3 Nc5 21. Bc4 Bd7 22. Qg3 Be6 23. Bd5 f6 24. Qh3 Kh8 25. Bxe6 Nxe6 26. Nd5 Qd6 27. c3 Nc7 28. Rd1 Nxd5 29. Rxd5 Qa6 30. Rfd1 Qxa2 31. b4 Qe2 32. Qf5 h6 33. Rd7 Rc8 34. Qg6 Rg8 35. h3 Rxc3 36. Kh2 Qe3 1-0

[Event "IND-ch (Women) 46th"]
[Site "Managiri"]
[Date "2019.07.26"]
[Round "10"]
[White "Swati, Ghate"]
[Black "Kiran, Manisha Mohanty"]
[Result "1/2-1/2"]
[WhiteElo "2192"]
[BlackElo "2054"]
[PlyCount "107"]
[EventDate "2019.07.19"]
[EventType "swiss"]
[EventRounds "11"]
[EventCountry "IND"]
[SourceTitle "EXT 2020"]
[Source "ChessBase"]
[SourceDate "2019.10.17"]
[SourceVersion "1"]
[SourceVersionDate "2019.10.17"]
[SourceQuality "1"]

1. Nf3 Nf6 2. g3 g6 3. Bg2 Bg7 4. 0-0 0-0 5. d4 d5 6. c4 dxc4 7. Na3 Nc6 8. Nxc4 Be6 9. b3 Bd5 10. Bb2 a5 11. Ne3 Be4 12. Rc1 a4 13. bxa4 Ra6 14. Qb3 Qa8 15. d5 Rb6 16. Qa3 Nxd5 17. Bxg7 Kxg7 18. Rc4 Nf6 19. Qc3 Kg8 20. g4 Nd5 21. Qd2 Nxe3 22. Qxe3 Bd5 23. Qh6 Bxf3 24. Bxf3 Ne5 25. Rxc7 Nxf3+ 26. exf3 Qxa4 27. Rxe7 Qxa2 28. Kg2 Qd5 29. Rfe1 Rf6 30. R1e4 Qd3 31. Re3 Qd5 32. Re8 Qd6 33. R3e5 Re6 34. R8xe6 fxe6 35. Qe3 Re8 36. h4 Qe7 37. h5 gxh5 38. Rg5+ Kf8 39. Qe5 Qf7 40. Qd6+ Qe7 41. Qe5 Qf7 42. Rxh5 Qg7 43. Qf4+ Qf7 44. Qh6+ Kg8 45. Rg5+ Kh8 46. Qh2 Qf6 47. Rh5 Qg7 48. Re5 Qf6 49. g5 Qf7 50. Qh4 Rf8 51. Qe4 Qf4 52. Qxf4 Rxf4 53. Kg3 Rf5 54. Rxe6 1/2-1/2